| 000 | 00998nam a2200217Ia 4500 | ||
|---|---|---|---|
| 005 | 20251020182559.0 | ||
| 008 | 200515s9999 xx 000 0 und d | ||
| 082 | _aSC/331.058.736/O36/1991 | ||
| 110 | _aOIT | ||
| 245 | 0 | _aClasificación Internacional Uniforme de Ocupaciones | |
| 250 | _a2a ed. | ||
| 260 | _aGinebra | ||
| 260 | _c1991 | ||
| 300 | _a523 | ||
| 500 | _a en segundo lugar, se pretende ofrecer un sistema de clasificación internacional uniforme que pueda ser utilizado por los distintos países en la elaboración de sus propios sistemas nacionales de clasificación de ocupaciones o para la revisión de clasifica | ||
| 520 | _aCon la Clasificación Internacional Uniforme de Ocupaciones se persigue una doble finalidad: en primer lugar, ofrecer a los países un sistema de clasificación que sirva de base para la presentación de datos nacionales sobre las ocupaciones, con vistas a es | ||
| 650 | _aCIUO | ||
| 650 | _aOCUPACIONES | ||
| 650 | _aPUB OIT | ||
| 942 | _cLIB | ||
| 999 |
_c2984 _d2984 |
||